[Event "Arab Clubs-chT"]
[Site "Sharjah"]
[Date "2018.02.10"]
[Round "6.3"]
[White "Talbi, Chafik"]
[Black "Shobaita, Ahmed"]
[Result "1-0"]
[WhiteElo "2241"]
[BlackElo "2076"]
[PlyCount "55"]
[EventDate "2018.02.06"]
[EventType "team-tourn"]
[EventRounds "9"]
[EventCountry "UAE"]
[SourceTitle "CBM 182 Extra"]
[Source "ChessBase"]
[SourceDate "2018.02.23"]
[SourceVersion "1"]
[SourceVersionDate "2018.02.23"]
[SourceQuality "1"]
[WhiteTeam "ASSN"]
[BlackTeam "Al Quds"]
[WhiteTeamCountry "ALG"]
[BlackTeamCountry "PLE"]

1. e4 c5 2. Nf3 Nc6 3. Bb5 e6 4. Bxc6 dxc6 5. e5 Ne7 6. d3 Nf5 7. Nc3 Be7 8. 0-0 0-0 9. Ne4 b6 10. Bg5 a5 11. a4 Ba6 12. b3 Bxg5 13. Nfxg5 h6 14. Nf3 Nd4 15. Re1 Ra7 16. Nfd2 Rd7 17. Re3 Kh8 18. Rh3 Rd5 19. f4 f5 20. Nd6 Rxd6 21. exd6 Qxd6 22. c3 Qxf4 23. cxd4 Qxd4+ 24. Kh1 Bxd3 25. Nf3 Qd5 26. Nh4 Rd8 27. Ng6+ Kh7 28. Nf4 1-0

[Event "Arab Clubs-chT"]
[Site "Sharjah"]
[Date "2018.02.08"]
[Round "4.4"]
[White "Shobaita, Ahmed"]
[Black "Adly, Ahmed"]
[Result "0-1"]
[WhiteElo "2076"]
[BlackElo "2634"]
[PlyCount "85"]
[EventDate "2018.02.06"]
[EventType "team-tourn"]
[EventRounds "9"]
[EventCountry "UAE"]
[SourceTitle "CBM 182 Extra"]
[Source "ChessBase"]
[SourceDate "2018.02.23"]
[SourceVersion "1"]
[SourceVersionDate "2018.02.23"]
[SourceQuality "1"]
[WhiteTeam "Al Quds"]
[BlackTeam "Sharjah"]
[WhiteTeamCountry "PLE"]
[BlackTeamCountry "UAE"]

1. d4 Nf6 2. Nf3 e6 3. g3 b5 4. Bg2 Bb7 5. 0-0 Be7 6. a4 b4 7. c4 bxc3 8. bxc3 0-0 9. a5 c5 10. Qb3 Qc8 11. Nbd2 Na6 12. Ba3 Rb8 13. Qa2 Qc7 14. Rfc1 Rfc8 15. e3 Qxa5 16. Nb3 Qc7 17. Nxc5 Nxc5 18. dxc5 Bd5 19. c4 Be4 20. Nd4 Bxg2 21. Kxg2 h6 22. Kg1 Rb7 23. c6 dxc6 24. Bxe7 Qxe7 25. Qa6 Rbc7 26. Rd1 Ne4 27. f3 Nc5 28. Qa3 Rd7 29. Kg2 g6 30. Ra2 Rb7 31. Rad2 e5 32. Nc2 e4 33. f4 Rb3 34. Qa2 Rd3 35. Nd4 Rxe3 36. Qb2 Rd3 37. Rxd3 Nxd3 38. Qe2 Kf8 39. f5 c5 40. Ne6+ fxe6 41. Qxe4 exf5 42. Qxd3 Re8 43. Qd6 0-1

[Event "Arab-ch blitz"]
[Site "Sharjah"]
[Date "2018.02.04"]
[Round "2"]
[White "Ahmed, Ali Layth Ahmed"]
[Black "Shobaita, Ahmed"]
[Result "1-0"]
[WhiteElo "2234"]
[BlackElo "2003"]
[PlyCount "63"]
[EventDate "2018.02.04"]
[EventType "swiss (blitz)"]
[EventRounds "7"]
[EventCountry "UAE"]
[SourceTitle "CBM 182 Extra"]
[Source "ChessBase"]
[SourceDate "2018.02.23"]
[SourceVersion "1"]
[SourceVersionDate "2018.02.23"]
[SourceQuality "1"]

1. d4 Nf6 2. Bf4 d5 3. Nc3 c5 4. e3 e6 5. Nb5 Na6 6. Nf3 Be7 7. Be2 0-0 8. 0-0 Bd7 9. a4 c4 10. c3 Ne4 11. Nd2 Nxd2 12. Qxd2 Bxb5 13. axb5 Nc7 14. b3 Nxb5 15. bxc4 dxc4 16. Bxc4 Nd6 17. Bd3 a6 18. c4 b5 19. c5 Nf5 20. Be4 Rc8 21. Qc2 a5 22. Bb7 a4 23. Bxc8 Qxc8 24. Rfb1 Qc6 25. Qe2 Nh4 26. f3 Ng6 27. Qxb5 Qxb5 28. Rxb5 Nxf4 29. exf4 Ra8 30. Ra3 g5 31. fxg5 Bxg5 32. Rb4 1-0

[Event "Arab-ch blitz"]
[Site "Sharjah"]
[Date "2018.02.04"]
[Round "7"]
[White "Shobaita, Ahmed"]
[Black "Issa, Rafat"]
[Result "0-1"]
[WhiteElo "2003"]
[BlackElo "2368"]
[PlyCount "92"]
[EventDate "2018.02.04"]
[EventType "swiss (blitz)"]
[EventRounds "7"]
[EventCountry "UAE"]
[SourceTitle "CBM 182 Extra"]
[Source "ChessBase"]
[SourceDate "2018.02.23"]
[SourceVersion "1"]
[SourceVersionDate "2018.02.23"]
[SourceQuality "1"]

1. d4 Nf6 2. c4 g6 3. Nc3 Bg7 4. e4 d6 5. Nf3 0-0 6. Be2 e5 7. 0-0 Na6 8. Bg5 h6 9. Bh4 g5 10. Bg3 Nh5 11. dxe5 Nxg3 12. hxg3 dxe5 13. Qxd8 Rxd8 14. Rfd1 Bg4 15. Nh2 Bxe2 16. Nxe2 Nc5 17. Nc3 c6 18. Ng4 Ne6 19. Ne3 Nd4 20. g4 a5 21. Nf5 Bf8 22. Kf1 Kh7 23. Ne2 Bc5 24. Nexd4 Bxd4 25. Rd2 a4 26. Rad1 c5 27. Ke2 Ra6 28. b3 axb3 29. axb3 Rb6 30. Rb1 Ra8 31. Ne7 Ra3 32. Rd3 Ra2+ 33. Rd2 Ra3 34. Rd3 Kg7 35. Nd5 Rba6 36. f3 Ra2+ 37. Rd2 Rxd2+ 38. Kxd2 Ra2+ 39. Kd3 Rxg2 40. b4 cxb4 41. Rxb4 Rf2 42. Rxb7 Rxf3+ 43. Kc2 Rg3 44. Rc7 Rxg4 45. c5 Bxc5 46. Rxc5 Rxe4 0-1

[Event "Arab-ch blitz"]
[Site "Sharjah"]
[Date "2018.02.04"]
[Round "6"]
[White "Tagelsir, Abubaker"]
[Black "Shobaita, Ahmed"]
[Result "1-0"]
[WhiteElo "2131"]
[BlackElo "2003"]
[PlyCount "88"]
[EventDate "2018.02.04"]
[EventType "swiss (blitz)"]
[EventRounds "7"]
[EventCountry "UAE"]
[SourceTitle "CBM 182 Extra"]
[Source "ChessBase"]
[SourceDate "2018.02.23"]
[SourceVersion "1"]
[SourceVersionDate "2018.02.23"]
[SourceQuality "1"]

1. e4 c5 2. Nc3 Nc6 3. f4 e6 4. Nf3 Nge7 5. g3 g6 6. Bg2 Bg7 7. 0-0 0-0 8. d3 d5 9. h4 dxe4 10. dxe4 Qxd1 11. Rxd1 Nd4 12. Nxd4 Bxd4+ 13. Kh2 e5 14. Bf3 h5 15. Ne2 Bg4 16. Bxg4 hxg4 17. c3 exf4 18. cxd4 f3 19. Nf4 cxd4 20. Nd3 f5 21. Bg5 Nc6 22. e5 Rae8 23. Bf4 Kg7 24. Rac1 g5 25. hxg5 Rh8+ 26. Kg1 Rh5 27. e6 Reh8 28. Nf2 Rh2 29. Rxc6 Rg2+ 30. Kf1 Rxf2+ 31. Kxf2 Rh2+ 32. Kg1 Rg2+ 33. Kh1 bxc6 34. e7 Kf7 35. Bd6 Re2 36. Kg1 Rg2+ 37. Kf1 Rh2 38. Rxd4 Rxb2 39. g6+ Ke8 40. g7 Rb1+ 41. Kf2 Rb2+ 42. Ke3 Re2+ 43. Kd3 Kf7 44. Rf4 Kxg7 1-0

[Event "Arab-ch"]
[Site "Sharjah"]
[Date "2018.01.30"]
[Round "5"]
[White "Arab, Adlane"]
[Black "Shobaita, Ahmed"]
[Result "1-0"]
[WhiteElo "2477"]
[BlackElo "2076"]
[PlyCount "81"]
[EventDate "2018.01.27"]
[EventType "swiss"]
[EventRounds "9"]
[EventCountry "UAE"]
[SourceTitle "EXT 2019"]
[Source "ChessBase"]
[SourceDate "2018.10.10"]
[SourceVersion "1"]
[SourceVersionDate "2018.10.10"]
[SourceQuality "1"]

1. d4 Nf6 2. c4 g6 3. Nc3 Bg7 4. Nf3 0-0 5. Bf4 d6 6. e3 b6 7. Be2 Bb7 8. Qc2 Nbd7 9. 0-0 Re8 10. Rfd1 Qc8 11. h3 e5 12. dxe5 dxe5 13. Bh2 a5 14. a3 h6 15. Rac1 Nh7 16. b4 axb4 17. axb4 Nhf8 18. Nd5 Ne6 19. Qb3 c5 20. b5 Nc7 21. Nd2 f5 22. Nb1 Ra1 23. Nbc3 Rxc1 24. Rxc1 Nxd5 25. cxd5 Kh7 26. d6 Nf6 27. Rd1 Qd7 28. Na4 Qd8 29. Qf7 Bxg2 30. Kxg2 Qa8+ 31. Kg1 Qxa4 32. d7 Rd8 33. Bxe5 Qxd1+ 34. Bxd1 Rxd7 35. Qb3 c4 36. Qc2 Ne4 37. Bxg7 Kxg7 38. Bf3 Rc7 39. Bxe4 fxe4 40. Qxe4 Kh7 41. Qc6 1-0

[Event "Arab Clubs-chT"]
[Site "Marrakesh"]
[Date "2016.12.02"]
[Round "1"]
[White "Shobaita, Ahmed"]
[Black "Belouadah, Saad"]
[Result "0-1"]
[WhiteElo "2004"]
[BlackElo "2376"]
[PlyCount "94"]
[EventDate "2016.12.02"]
[EventType "team-tourn"]
[EventRounds "7"]
[EventCountry "MAR"]
[SourceTitle "CBM 176 Extra"]
[Source "ChessBase"]
[SourceDate "2017.03.02"]
[SourceVersion "1"]
[SourceVersionDate "2017.03.02"]
[SourceQuality "1"]
[WhiteTeam "Nadi Al Quds"]
[BlackTeam "Surete National"]
[WhiteTeamCountry "PLE"]
[BlackTeamCountry "ALG"]

1. e4 d5 2. exd5 Qxd5 3. Nc3 Qd6 4. d4 Nf6 5. Nf3 a6 6. g3 Bg4 7. Bg2 Nc6 8. Be3 0-0-0 9. 0-0 Qb4 10. a3 Qc4 11. Qe2 Qxe2 12. Nxe2 e6 13. Rfe1 h6 14. c3 Nd5 15. Bd2 Nb6 16. Bf4 Nc4 17. Ra2 g5 18. Bc1 Bg7 19. b3 Nb6 20. a4 Rhe8 21. h3 Bf5 22. g4 Bb1 23. Rb2 Bg6 24. Ng3 Nd5 25. Bd2 Nf4 26. Bxf4 gxf4 27. Nh5 Bxh5 28. gxh5 Ne7 29. Ne5 Bxe5 30. Rxe5 Rg8 31. Kf1 Rg5 32. Rxg5 hxg5 33. Re2 c6 34. Re5 Nf5 35. Be4 Nd6 36. Bc2 Kd7 37. Rxg5 Rh8 38. Ke2 Ke7 39. Kf3 Ne8 40. Kxf4 Nf6 41. c4 Nxh5+ 42. Kg4 Nf6+ 43. Kg3 Rd8 44. d5 cxd5 45. cxd5 Rc8 46. Bb1 Rc1 47. d6+ Kxd6 0-1

[Event "Arab-ch"]
[Site "Amman"]
[Date "2014.12.14"]
[Round "8"]
[White "Shobaita, Ahmed"]
[Black "Mohannad, Farhan"]
[Result "1/2-1/2"]
[WhiteElo "2084"]
[BlackElo "2281"]
[PlyCount "96"]
[EventDate "2014.12.07"]
[EventType "swiss"]
[EventRounds "9"]
[EventCountry "JOR"]
[SourceTitle "EXT 2016"]
[Source "ChessBase"]
[SourceDate "2015.10.08"]
[SourceVersion "1"]
[SourceVersionDate "2015.10.08"]
[SourceQuality "1"]

1. Nf3 Nf6 2. c4 g6 3. g3 Bg7 4. Bg2 0-0 5. 0-0 d6 6. d4 Nbd7 7. Nc3 e5 8. Rb1 a6 9. b4 exd4 10. Nxd4 c5 11. Nc2 cxb4 12. Rxb4 Nc5 13. Ne3 Be6 14. Ned5 a5 15. Rb5 Nfd7 16. Ne4 Nxe4 17. Bxe4 Rc8 18. Bd3 Ne5 19. Bb2 Bxd5 20. cxd5 Rc5 21. Rxc5 dxc5 22. Qa1 f6 23. Bxe5 fxe5 24. e4 Qf6 25. a4 h5 26. h4 g5 27. hxg5 Qxg5 28. Qc1 Qe7 29. Kg2 h4 30. d6 Qxd6 31. Bc4+ Kh7 32. Qg5 hxg3 33. Rh1+ Bh6 34. Qxg3 Qg6 35. Qxg6+ Kxg6 36. Rb1 Rb8 37. Rb6+ Kg5 38. Bd5 Bg7 39. Rxb7 Rxb7 40. Bxb7 c4 41. Ba6 c3 42. Bd3 Kf6 43. Kf3 Ke6 44. Ke2 Kd6 45. Kd1 Kc5 46. Kc2 Kd4 47. f3 Ke3 48. Kxc3 Kxf3 1/2-1/2

[Event "Arab-ch"]
[Site "Amman"]
[Date "2014.12.10"]
[Round "5"]
[White "Ahmad, Al Khatib"]
[Black "Shobaita, Ahmed"]
[Result "1-0"]
[WhiteElo "2120"]
[BlackElo "2084"]
[PlyCount "136"]
[EventDate "2014.12.07"]
[EventType "swiss"]
[EventRounds "9"]
[EventCountry "JOR"]
[SourceTitle "EXT 2016"]
[Source "ChessBase"]
[SourceDate "2015.10.08"]
[SourceVersion "1"]
[SourceVersionDate "2015.10.08"]
[SourceQuality "1"]

1. Nf3 g6 2. d4 Nf6 3. Bg5 Bg7 4. Nbd2 d5 5. Bxf6 exf6 6. g3 0-0 7. Bg2 f5 8. 0-0 c6 9. c4 Be6 10. Qb3 Qb6 11. c5 Qxb3 12. Nxb3 a5 13. e3 Nd7 14. Nc1 Nf6 15. Nd3 Ne4 16. a4 Rfe8 17. b4 axb4 18. Rfb1 Ra7 19. Rxb4 Rea8 20. Bf1 Bc8 21. Ra3 Bf8 22. Be2 f6 23. Bd1 Ra6 24. Rb2 Kf7 25. Rba2 Ra5 26. Nb4 Ke8 27. Ne1 Bd7 28. f3 Ng5 29. Ned3 Ne6 30. Rb2 Kd8 31. Na2 Kc8 32. Nc3 g5 33. f4 g4 34. Kf2 Nc7 35. Be2 Be6 36. Nb4 Kd7 37. Bd3 Be7 38. Ra1 Rb8 39. Nc2 Ne8 40. h3 h5 41. hxg4 hxg4 42. Rab1 Kc7 43. Nb4 Raa8 44. a5 Ng7 45. a6 Ra7 46. axb7 Rbxb7 47. Na6+ Kc8 48. Nb4 Kc7 49. Na6+ Kc8 50. Nb4 Kc7 51. Na6+ Kc8 52. Nb4 Kc7 53. Rh1 Rb8 54. Na6+ Rxa6 55. Rxb8 Ra3 56. Rhb1 Bc8 57. R8b3 Ra7 58. R1b2 Ne6 59. Ra2 Rxa2+ 60. Nxa2 Nd8 61. Rb1 Nf7 62. Rh1 Be6 63. Nb4 Nd8 64. Rh7 Kd7 65. Nxc6 Nxc6 66. Bb5 Bg8 67. Bxc6+ Kxc6 68. Rxe7 Kb5 1-0

[Event "Arab-ch"]
[Site "Amman"]
[Date "2014.12.10"]
[Round "6"]
[White "Shobaita, Ahmed"]
[Black "Al Badani, Abdu"]
[Result "1/2-1/2"]
[WhiteElo "2084"]
[BlackElo "2191"]
[PlyCount "89"]
[EventDate "2014.12.07"]
[EventType "swiss"]
[EventRounds "9"]
[EventCountry "JOR"]
[SourceTitle "EXT 2016"]
[Source "ChessBase"]
[SourceDate "2015.10.08"]
[SourceVersion "1"]
[SourceVersionDate "2015.10.08"]
[SourceQuality "1"]

1. Nf3 c5 2. b3 Nf6 3. Bb2 e6 4. e3 Be7 5. d4 0-0 6. Be2 b5 7. 0-0 Qb6 8. a4 b4 9. Nbd2 Nc6 10. Nc4 Qc7 11. Nfe5 cxd4 12. exd4 Ba6 13. Re1 Rac8 14. Rc1 d6 15. Nxc6 Qxc6 16. Bf3 Qc7 17. Ne3 d5 18. Be2 Bxe2 19. Qxe2 Bd6 20. g3 Ne4 21. Nf1 Rce8 22. Nd2 f5 23. f3 Nc3 24. Bxc3 Qxc3 25. Qd3 Qc7 26. Kg2 Rf6 27. c4 bxc3 28. Rxc3 Qb8 29. Rc6 Rg6 30. Nf1 Rf6 31. Qa6 Rd8 32. Rec1 Rff8 33. Nd2 Qb4 34. Qd3 h5 35. f4 Rb8 36. Nf3 Qa3 37. Qe2 Rf6 38. Ng5 Rbf8 39. Rc8 Rxc8 40. Rxc8+ Bf8 41. h4 g6 42. Qe5 Qb2+ 43. Kh3 Qb1 44. Kg2 Qb2+ 45. Kh3 1/2-1/2

[Event "Arab-ch"]
[Site "Amman"]
[Date "2014.12.09"]
[Round "4"]
[White "Nezad, Husein Aziz"]
[Black "Shobaita, Ahmed"]
[Result "1/2-1/2"]
[WhiteElo "2396"]
[BlackElo "2084"]
[PlyCount "90"]
[EventDate "2014.12.07"]
[EventType "swiss"]
[EventRounds "9"]
[EventCountry "JOR"]
[SourceTitle "EXT 2016"]
[Source "ChessBase"]
[SourceDate "2015.10.08"]
[SourceVersion "1"]
[SourceVersionDate "2015.10.08"]
[SourceQuality "1"]

1. d4 Nf6 2. c4 e6 3. Nf3 Bb4+ 4. Nbd2 0-0 5. a3 Bxd2+ 6. Qxd2 b6 7. g3 Bb7 8. Bg2 d6 9. 0-0 Nbd7 10. b4 Ne4 11. Qc2 f5 12. Bb2 Ndf6 13. Ng5 Qe7 14. Nh3 Nd7 15. Rad1 a5 16. d5 e5 17. Bc1 axb4 18. axb4 h6 19. f3 Nef6 20. Nf2 b5 21. cxb5 Bxd5 22. e4 fxe4 23. fxe4 Ra2 24. Qxc7 Bb3 25. Qxd6 Qxd6 26. Rxd6 Bc4 27. Rfd1 Rxf2 28. Kxf2 Nxe4+ 29. Kg1 Nxd6 30. Rxd6 Bxb5 31. Be3 Nf6 32. Rb6 Bc4 33. Rc6 Bd3 34. Rc3 e4 35. Bh3 Rb8 36. Be6+ Kh8 37. Bd4 h5 38. h4 Re8 39. Rc6 Ng4 40. Bf7 Rf8 41. Bxh5 e3 42. Bxg4 Rf1+ 43. Kg2 Rf2+ 44. Kg1 Rf1+ 45. Kg2 Rf2+ 1/2-1/2

[Event "Arab-ch"]
[Site "Amman"]
[Date "2014.12.08"]
[Round "3"]
[White "Shobaita, Ahmed"]
[Black "Al Khattab, Ghassan M Ali Ajmed"]
[Result "1/2-1/2"]
[WhiteElo "2084"]
[BlackElo "2124"]
[PlyCount "59"]
[EventDate "2014.12.07"]
[EventType "swiss"]
[EventRounds "9"]
[EventCountry "JOR"]
[SourceTitle "EXT 2016"]
[Source "ChessBase"]
[SourceDate "2015.10.08"]
[SourceVersion "1"]
[SourceVersionDate "2015.10.08"]
[SourceQuality "1"]

1. Nf3 Nf6 2. c4 g6 3. g3 Bg7 4. Bg2 0-0 5. 0-0 d6 6. d4 c6 7. Nc3 Nbd7 8. Rb1 e5 9. d5 Nb6 10. dxc6 bxc6 11. c5 Nbd5 12. cxd6 Bf5 13. Ra1 Qxd6 14. Bg5 Qe6 15. Qa4 Nxc3 16. bxc3 h6 17. Be3 Rfc8 18. Rac1 Nd5 19. Bc5 Nb6 20. Qb3 Rab8 21. Qxe6 Bxe6 22. Bd6 Rb7 23. Bxe5 Bxa2 24. Bxg7 Kxg7 25. Ne5 Bd5 26. e4 Be6 27. f4 Nc4 28. Nxc4 Bxc4 29. Rf2 Rcb8 30. Rd2 1/2-1/2

[Event "Olympiad-41"]
[Site "Tromsoe"]
[Date "2014.08.08"]
[Round "6.1"]
[White "Shobaita, Ahmed"]
[Black "Solomon, Kenny"]
[Result "0-1"]
[WhiteElo "2067"]
[BlackElo "2378"]
[PlyCount "84"]
[EventDate "2014.08.02"]
[EventType "team-swiss"]
[EventRounds "11"]
[EventCountry "NOR"]
[SourceTitle "CBM 162"]
[Source "ChessBase"]
[SourceDate "2014.09.17"]
[SourceVersion "1"]
[SourceVersionDate "2014.09.17"]
[SourceQuality "1"]
[WhiteTeam "Palestine"]
[BlackTeam "South Africa"]
[WhiteTeamCountry "PLE"]
[BlackTeamCountry "RSA"]

1. Nf3 d6 2. d4 g6 3. g3 Bg7 4. Bg2 Nd7 5. 0-0 Ngf6 6. c4 0-0 7. Nc3 e5 8. dxe5 dxe5 9. Be3 c6 10. h3 Qe7 11. Qc1 Re8 12. Rd1 a5 13. Ng5 Nc5 14. Bxc5 Qxc5 15. Nce4 Nxe4 16. Nxe4 Qe7 17. Nd6 Rd8 18. Nxc8 Raxc8 19. Qc2 Qb4 20. b3 Qa3 21. Rab1 Bf8 22. h4 Qe7 23. Bh3 Ra8 24. Rxd8 Rxd8 25. Rd1 f5 26. Rxd8 Qxd8 27. e4 f4 28. Be6+ Kh8 29. Qc3 Qf6 30. Bc8 fxg3 31. Qxg3 b6 32. Kg2 Bc5 33. f3 Be7 34. Kh3 h5 35. Kg2 Kh7 36. Kh3 Qd6 37. Kg2 Qd2+ 38. Kf1 Bc5 39. Be6 Qxa2 40. Bf7 Qb1+ 41. Ke2 Qc2+ 42. Ke1 Qc1+ 0-1

[Event "Olympiad-41"]
[Site "Tromsoe"]
[Date "2014.08.06"]
[Round "5.1"]
[White "Shobaita, Ahmed"]
[Black "Liu, Yeh Yang"]
[Result "1-0"]
[WhiteElo "2067"]
[BlackElo "1920"]
[PlyCount "101"]
[EventDate "2014.08.02"]
[EventType "team-swiss"]
[EventRounds "11"]
[EventCountry "NOR"]
[SourceTitle "CBM 162"]
[Source "ChessBase"]
[SourceDate "2014.09.17"]
[SourceVersion "1"]
[SourceVersionDate "2014.09.17"]
[SourceQuality "1"]
[WhiteTeam "Palestine"]
[BlackTeam "Chinese Taipei"]
[WhiteTeamCountry "PLE"]
[BlackTeamCountry "TPE"]

1. Nf3 c5 2. c4 Nc6 3. g3 g6 4. Bg2 Bg7 5. 0-0 d6 6. Nc3 Nf6 7. d4 cxd4 8. Nxd4 Nxd4 9. Qxd4 0-0 10. Qd3 Bf5 11. e4 Bg4 12. Be3 Qd7 13. Rac1 Rfd8 14. b3 Bh3 15. Rfd1 Bxg2 16. Kxg2 b6 17. f3 Rac8 18. h4 Qb7 19. a4 Nd7 20. Nd5 Nc5 21. Qc2 Rd7 22. h5 e6 23. Nc3 a6 24. b4 Bxc3 25. Qxc3 Nxe4 26. fxe4 Qxe4+ 27. Kh2 d5 28. Qd4 Qf3 29. h6 Qh5+ 30. Kg1 e5 31. cxd5 Rcd8 32. Qxb6 Qg4 33. Bf2 Rd6 34. Qe3 f6 35. Qa7 R8d7 36. Qb8+ Rd8 37. Qb7 R6d7 38. Qxa6 Rd6 39. Qb7 R6d7 40. Qc6 Rd6 41. Qc7 R6d7 42. Qc4 Qg5 43. d6+ Kf8 44. Qe6 e4 45. Rc8 f5 46. Qxd7 Rxc8 47. Qxc8+ Kf7 48. Qd7+ Kf8 49. Qg7+ Ke8 50. d7+ Kd8 51. Bb6# 1-0

[Event "Olympiad-39"]
[Site "Khanty-Mansiysk"]
[Date "2010.10.01"]
[Round "10.4"]
[White "Klerides, Paris"]
[Black "Shobaita, Ahmed"]
[Result "1-0"]
[WhiteElo "2194"]
[BlackElo "2072"]
[PlyCount "91"]
[EventDate "2010.09.21"]
[EventType "team-swiss"]
[EventRounds "11"]
[EventCountry "RUS"]
[SourceTitle "CBM 139"]
[Source "ChessBase"]
[SourceDate "2010.11.18"]
[SourceVersion "1"]
[SourceVersionDate "2010.11.18"]
[SourceQuality "1"]
[WhiteTeam "Cyprus"]
[BlackTeam "Palestine"]
[WhiteTeamCountry "CYP"]
[BlackTeamCountry "PLE"]

1. e4 c5 2. Nf3 d6 3. d4 cxd4 4. Nxd4 Nf6 5. Nc3 a6 6. Bg5 e6 7. f4 Be7 8. Qf3 Nbd7 9. Bc4 h6 10. Bxf6 Nxf6 11. 0-0-0 Qc7 12. Bb3 Bd7 13. Rhe1 0-0-0 14. e5 Ne8 15. Kb1 g6 16. Ne4 d5 17. Nf2 Kb8 18. Nd3 h5 19. g3 b5 20. h3 a5 21. a3 Qb6 22. c3 Nc7 23. Ba2 b4 24. axb4 axb4 25. Nxb4 Bxb4 26. cxb4 Nb5 27. Nb3 Bc6 28. Rc1 Rc8 29. Qd3 Ba8 30. Rc5 Rxc5 31. bxc5 Qa6 32. Nd4 Bc6 33. Re3 Kc7 34. Nxb5+ Bxb5 35. Qa3 Rb8 36. Kc1 Qxa3 37. Rxa3 Rb7 38. Ra8 Bf1 39. h4 Bc4 40. Bxc4 dxc4 41. Kc2 Rb3 42. Ra3 Rb5 43. Kc3 Kc6 44. Kxc4 Rxc5+ 45. Kd4 Rc2 46. Rc3+ 1-0

[Event "Olympiad-39"]
[Site "Khanty-Mansiysk"]
[Date "2010.09.27"]
[Round "6.3"]
[White "Shobaita, Ahmed"]
[Black "Kassis, Antoine"]
[Result "1/2-1/2"]
[WhiteElo "2072"]
[BlackElo "2236"]
[PlyCount "173"]
[EventDate "2010.09.21"]
[EventType "team-swiss"]
[EventRounds "11"]
[EventCountry "RUS"]
[SourceTitle "CBM 139"]
[Source "ChessBase"]
[SourceDate "2010.11.18"]
[SourceVersion "1"]
[SourceVersionDate "2010.11.18"]
[SourceQuality "1"]
[WhiteTeam "Palestine"]
[BlackTeam "Lebanon"]
[WhiteTeamCountry "PLE"]
[BlackTeamCountry "LBN"]

1. e4 c5 2. Nf3 Nc6 3. d3 g6 4. g3 Bg7 5. c3 d5 6. Qe2 d4 7. cxd4 cxd4 8. Bg2 e5 9. 0-0 Nge7 10. Nfd2 0-0 11. f4 f5 12. fxe5 Nxe5 13. a4 N7c6 14. Nf3 Ng4 15. Bg5 Qb6 16. Na3 fxe4 17. Qxe4 Bf5 18. Qd5+ Kh8 19. Nc4 Qc7 20. Bf4 Qd8 21. Qxd8 Raxd8 22. Rad1 Ne3 23. Nxe3 dxe3 24. Bxe3 Bxd3 25. Rf2 Bf5 26. Rfd2 Rxd2 27. Rxd2 Re8 28. Kf2 Bb1 29. Rd7 b6 30. Rc7 Be4 31. b3 h6 32. h3 g5 33. Ne1 Bxg2 34. Nxg2 Re6 35. h4 gxh4 36. Nxh4 Be5 37. Rc8+ Kh7 38. Nf3 Bf6 39. g4 Kg6 40. Rg8+ Kh7 41. Rc8 Kg6 42. Rg8+ Kh7 43. Rc8 Kg7 44. Rc7+ Kg6 45. b4 Nxb4 46. Rxa7 Nd3+ 47. Ke2 Nf4+ 48. Kf2 Nd3+ 49. Ke2 Nb2 50. Rc7 Nxa4 51. Kf2 Nb2 52. Bd4 Nd3+ 53. Kg3 Bxd4 54. Nxd4 Re3+ 55. Kh2 Ne5 56. Rb7 Nxg4+ 57. Kg2 Rd3 58. Rxb6+ Kg5 59. Nf3+ Kf5 60. Rb5+ Kf6 61. Rb6+ Ke7 62. Rb4 Ne3+ 63. Kg3 Nf5+ 64. Kf4 Nd6 65. Rb1 Ra3 66. Rh1 Ra4+ 67. Ke5 Ra5+ 68. Kf4 Nf7 69. Kg4 Kf6 70. Rb1 Ra4+ 71. Kg3 Ra6 72. Rb5 Nd6 73. Rb3 Nf5+ 74. Kh3 Rc6 75. Ra3 Rb6 76. Rc3 Kg6 77. Nh4+ Nxh4 78. Kxh4 Rb4+ 79. Kh3 Rb6 80. Rf3 h5 81. Ra3 Rb5 82. Ra6+ Kg5 83. Ra3 h4 84. Rc3 Rb1 85. Rc5+ Kf4 86. Rc4+ Kf3 87. Kxh4 1/2-1/2

[Event "Olympiad-39"]
[Site "Khanty-Mansiysk"]
[Date "2010.09.23"]
[Round "3.3"]
[White "Shobaita, Ahmed"]
[Black "Brookfield, Toby"]
[Result "1-0"]
[WhiteElo "2072"]
[BlackElo "1782"]
[PlyCount "59"]
[EventDate "2010.09.21"]
[EventType "team-swiss"]
[EventRounds "11"]
[EventCountry "RUS"]
[SourceTitle "CBM 139"]
[Source "ChessBase"]
[SourceDate "2010.11.18"]
[SourceVersion "1"]
[SourceVersionDate "2010.11.18"]
[SourceQuality "1"]
[WhiteTeam "Palestine"]
[BlackTeam "Channel Islands"]
[WhiteTeamCountry "PLE"]
[BlackTeamCountry "GCI"]

1. e4 c5 2. Nf3 d6 3. Bb5+ Bd7 4. Bxd7+ Qxd7 5. 0-0 Nf6 6. Re1 Nc6 7. c3 e6 8. d4 cxd4 9. cxd4 Be7 10. Nc3 0-0 11. Bg5 Rfe8 12. d5 Ne5 13. Nxe5 dxe5 14. dxe6 Qxe6 15. Bxf6 Bxf6 16. Nd5 Rac8 17. Qb3 Qc6 18. g3 Bg5 19. h4 Bh6 20. Red1 Kh8 21. Rd3 g6 22. Rc3 Qe6 23. Qxb7 Rb8 24. Qxa7 Rxb2 25. Rc7 Kg7 26. Rd1 Rf8 27. Qa3 Rfb8 28. Re7 Qg4 29. Rxf7+ Kh8 30. Rxh7+ 1-0

[Event "Asia Clubs 1st"]
[Site "Al Ain"]
[Date "2008.12.30"]
[Round "6"]
[White "Ahmadjan, Zabihullah"]
[Black "Shobaita, Ahmed"]
[Result "1/2-1/2"]
[WhiteElo "2056"]
[BlackElo "2017"]
[PlyCount "86"]
[EventDate "2008.12.25"]
[EventType "team"]
[EventRounds "7"]
[EventCountry "UAE"]
[SourceTitle "CBM 127 Extra"]
[Source "ChessBase"]
[SourceDate "2009.01.08"]
[SourceVersion "2"]
[SourceVersionDate "2009.01.28"]
[SourceQuality "1"]

1. e4 d6 2. d4 Nf6 3. Nc3 g6 4. Be2 Bg7 5. Be3 Nc6 6. Qd2 h6 7. f4 0-0 8. 0-0-0 d5 9. f5 Nxe4 10. Nxe4 dxe4 11. fxg6 fxg6 12. Bxh6 Qxd4 13. Bxg7 Qxd2+ 14. Kxd2 Kxg7 15. Ke3 e5 16. c3 Be6 17. Kxe4 Bxa2 18. Rd7+ Rf7 19. Rxf7+ Kxf7 20. Nf3 Rd8 21. c4 Kg7 22. h4 Bb3 23. h5 gxh5 24. Rxh5 Nd4 25. Nxd4 exd4 26. Bd3 b6 27. Rd5 Rxd5 28. Kxd5 Kf6 29. Kxd4 a5 30. Ke4 Ba4 31. Kf4 c6 32. g4 b5 33. g5+ Kg7 34. c5 b4 35. Ke5 Bb3 36. Be4 a4 37. Kd4 a3 38. bxa3 bxa3 39. Kc3 a2 40. Kb2 Be6 41. Bxc6 Kg6 42. Ba4 Kxg5 43. c6 Kf6 1/2-1/2

[Event "Asia Clubs 1st"]
[Site "Al Ain"]
[Date "2008.12.26"]
[Round "2"]
[White "Shobaita, Ahmed"]
[Black "Somoff, Abdo"]
[Result "1/2-1/2"]
[WhiteElo "2017"]
[BlackElo "2282"]
[PlyCount "116"]
[EventDate "2008.12.25"]
[EventType "team"]
[EventRounds "7"]
[EventCountry "UAE"]
[SourceTitle "CBM 127 Extra"]
[Source "ChessBase"]
[SourceDate "2009.01.08"]
[SourceVersion "2"]
[SourceVersionDate "2009.01.28"]
[SourceQuality "1"]

1. d4 Nf6 2. Nf3 d5 3. Bf4 e6 4. e3 c5 5. c3 Nc6 6. Nbd2 a6 7. Bd3 Bd6 8. Bg3 0-0 9. 0-0 Re8 10. Ne5 Qc7 11. f4 Ne7 12. Bh4 Ng6 13. Bxf6 gxf6 14. Ng4 Kg7 15. Nf3 h5 16. Nf2 f5 17. Ne5 Rh8 18. Qf3 f6 19. Nxg6 Kxg6 20. Qg3+ Kf7 21. Qh4 Bd7 22. Be2 Rag8 23. h3 Be8 24. Nd3 Qe7 25. Kf2 Kf8 26. dxc5 Bxc5 27. Nxc5 Qxc5 28. Qxf6+ Bf7 29. Qd4 Qxd4 30. cxd4 Ke7 31. Rfc1 Kd6 32. Rc3 h4 33. Rac1 Be8 34. Rc7 Bc6 35. Rf7 a5 36. b3 Rc8 37. a4 Rc7 38. Rxc7 Kxc7 39. g4 hxg3+ 40. Kxg3 Kd6 41. h4 Ke7 42. h5 Kf6 43. Kh4 Rg8 44. Bb5 Bxb5 45. axb5 Rg2 46. Rc7 b6 47. Rc6 Rb2 48. Rxb6 Rxb3 49. h6 Rb1 50. h7 Rh1+ 51. Kg3 Rxh7 52. Ra6 Rh1 53. Rxa5 Rb1 54. Kf3 Rb2 55. Kg3 Re2 56. Ra3 Rb2 57. Ra5 Re2 58. Kf3 Rb2 1/2-1/2